Countries with the Lowest Access to Electricity - Statistics

General Stats
  • This quiz has been taken 27 times
  • The average score is 8 of 10
Answer Stats
% of people
with access
/>to electricity
Country % Correct
11.76% Chad
92%
17.60% Niger
92%
18.02% Malawi
84%
18.98% Republic of the Congo
84%
28.20% South Sudan
80%
14.40% Burkina Faso
76%
11.02% Burundi
76%
26.10% Sierra Leone
76%
25.92% Liberia
68%
25.91% Madagascar
48%
No matching quizzes found
Score Distribution
Percent of People with Each Score
Percentile by Number Answered
Your Score History
You have not taken this quiz